Manual de derecho penal : (Registro nro. 28933)
[ vista simple ]
| 000 -LEADER | |
|---|---|
| fixed length control field | 02214nam a2200265Ia 4500 |
| 003 - CONTROL NUMBER IDENTIFIER | |
| control field | CO-CtgCURN |
| 005 - DATE AND TIME OF LATEST TRANSACTION | |
| control field | 20250424155050.0 |
| 008 - FIXED-LENGTH DATA ELEMENTS--GENERAL INFORMATION | |
| fixed length control field | 190723s9999 xx 000 0 und d |
| 020 ## - INTERNATIONAL STANDARD BOOK NUMBER | |
| International Standard Book Number | 9789586765824 (v1)978-958-676-581-7 (v.2) |
| 040 ## - CATALOGING SOURCE | |
| Original cataloging agency | CO-CtgCURN |
| Language of cataloging | spa |
| Transcribing agency | coctgcurn |
| 082 ## - DEWEY DECIMAL CLASSIFICATION NUMBER | |
| Classification number | 345.05 |
| Item number | P113m |
| 100 ## - MAIN ENTRY--PERSONAL NAME | |
| Personal name | Pabón Parra, Pedro Alfonso |
| 9 (RLIN) | 6432 |
| Relator term | autor |
| 245 #0 - TITLE STATEMENT | |
| Title | Manual de derecho penal : |
| Remainder of title | parte general y especial / |
| Statement of responsibility, etc. | Pedro Alfonso Pabón Parra |
| 250 ## - EDITION STATEMENT | |
| Edition statement | 9 edición |
| 260 ## - PUBLICATION, DISTRIBUTION, ETC. | |
| Place of publication, distribution, etc. | Bogotá, Colombia : |
| Name of publisher, distributor, etc. | Ediciones Doctrina y Ley, |
| Date of publication, distribution, etc. | 2013 |
| 300 ## - PHYSICAL DESCRIPTION | |
| Extent | 2 volúmenes ; |
| Dimensions | 25 centímetros |
| 504 ## - BIBLIOGRAPHY, ETC. NOTE | |
| Bibliography, etc. note | Incluye referencias bibliográficas |
| 505 ## - FORMATTED CONTENTS NOTE | |
| Formatted contents note | vol. 1. Introducción -- La ley penal -- Teoría general de la conducta punible y otras garantias -- La conducta -- El tipo penal -- La tentativa -- La participacion -- La antijuricidad -- La culpabilidad -- La punibilidad -- Las medidas de seguridad -- Responsabilidad civil derivada -- vol. 2. Delitos contra la vida y la integridad personal -- Delitos contra la persona y bienes protegidos por el derecho internacional humanitario -- Delitos contra la libertad indiidual y otras garantias -- Delitos contra la libertad, integridad y formacion sexuales -- Delitos contra la integridad moral -- Delitos contra la familia -Delitos contra el patrimonio económico -- De la protección de la informacion y de los datos -- Delitos contra los derechos de autor -- Delitos contra la fe pública -- Delitos contra el orden económico social -- Delitos contra los recursos naturales y el medio ambiente -- Delitos contra la seguridad pública -- Delitos contra la salud pública -- Delitos contra mecanismos de participacion democratica -- Delitos contra la administración pública -- Delitos contra la eficaz y recta imparticion de justicia -- Delitos contra la existencia y seguridad del estado -- Delitos contra el régimen constitucional. |
| 521 ## - TARGET AUDIENCE NOTE | |
| Target audience note | AREA PROFESIONAL |
| 590 ## - LOCAL NOTE (RLIN) | |
| Local note | Programa de Derecho_18 |
| 650 ## - SUBJECT ADDED ENTRY--TOPICAL TERM | |
| Topical term or geographic name entry element | Derecho penal |
| Geographic subdivision | Colombia |
| 9 (RLIN) | 6433 |
| 942 ## - ADDED ENTRY ELEMENTS (KOHA) | |
| Koha item type | Libros |
| Classification part | 345.05 |
| Item part | P113m |
| Koha issues (borrowed), all copies | 2 |
| Source of classification or shelving scheme | Dewey Decimal Classification |
| Suppress in OPAC | No |
| Withdrawn status | Lost status | Source of classification or shelving scheme | Damaged status | Not for loan | Collection | Home library | Current library | Shelving location | Date acquired | Source of acquisition | Inventory number | Total checkouts | Full call number | Barcode | Date last seen | Date last checked out | Copy number | Price effective from | Koha item type | Public note |
|---|---|---|---|---|---|---|---|---|---|---|---|---|---|---|---|---|---|---|---|---|
| Dewey Decimal Classification | Miguel Henríquez Castañeda Barranquilla | Miguel Henríquez Castañeda Barranquilla | General | 05/23/2018 | Compra OC-04-015-16 | 04339 | 1 | 345.05 P113m | 04339 | 05/07/2024 | 11/16/2021 | ej.1 | 07/23/2019 | Libros | Compra OC-04-015-16 IP 2016 | |||||
| Dewey Decimal Classification | Miguel Henríquez Castañeda Barranquilla | Miguel Henríquez Castañeda Barranquilla | General | 05/23/2018 | Compra OC-04-015-16 | 04340 | 1 | 345.05 P113m | 04340 | 11/29/2022 | 11/29/2022 | ej.2 | 07/23/2019 | Libros | Compra OC-04-015-16 IP 2016 |